000 00378nam a22001577a 4500
003 MPLRDC
005 20220104123530.0
008 210129b ||||| |||| 00| 0 eng d
082 _a803.188 CWX
100 _a蔡武雄编著
245 _a贸易日语会话
_c
260 _a
_b艺文印书馆
_c
300 _b
650 _a日语会话读本
942 _cBK
_o803.188 CWX
999 _c12161
_d12151